Poemas Fidedignos /

שמור ב:
מידע ביבליוגרפי
מחבר ראשי: Fausto Aguilera, Julio
פורמט: לא ידוע
שפה:Spanish
יצא לאור: Guatemala : Editorial Landivar, c1967.
נושאים:
תגים: הוספת תג
אין תגיות, היה/י הראשונ/ה לתייג את הרשומה!

MARC

LEADER 000000000a22000000004500
001 003186
041 0 |a spa 
082 0 4 |a G861.4   |b A283p 
100 1 |a Fausto Aguilera, Julio 
245 1 0 |a Poemas Fidedignos /   |c Julio Fausto Aguilera. 
260 1 |a Guatemala :   |b Editorial Landivar,   |c c1967. 
650 4 |a LITERATURA GUATEMALTECA 
650 4 |a POESIA 
999 |c 9478  |d 9478 
942 |c BK  |h G861.4 A283p  |2 z